| 000 | 00513nam 22001933 4500 | ||
|---|---|---|---|
| 001 | 200895 | ||
| 021 |
_aPT _b11047/86 |
||
| 090 | _a200895 | ||
| 100 | _a20260302d u||y0pory50 ba | ||
| 200 |
_aRelatos de guerra _fHugo Pratt |
||
| 210 |
_aLisboa _cEdições 70 _dD. L. 1986 |
||
| 215 |
_a48 p. _cil. ; brochado _d30 cm |
||
| 606 |
_91586 _aDesenho Artístico |
||
| 610 | _aBanda Desenhada | ||
| 675 |
_a74 _vPT _zpor |
||
| 700 |
_916585 _aPratt _bHugo _f1927-1995 |
||
| 801 |
_aPT _bBMMN _gRPC |
||
| 830 | _cIsabel | ||
| 990 | _cLIVROS | ||